000 00590nam a2200145 a 4500
008 130408s2011 ||||||||||||||||| || u
020 _a9780199605637
050 _aQD 466 Ems
100 _aEmsley, John
245 1 0 _aNature's building blocks: an A-Z guide to the elements
_cby John Emsley
260 _aNew york:
_bOxford University Press
_c2011
300 _avii, 699p.: ill.
650 _aCHEMICAL ELEMENTS--HANDBOOKS, MANUALS, ETC
995 _FCBU-MAIN LIBRARY (Kitwe)
_M1
_UAVAILABLE
_WJul 9, 2013
_ZMain Library Open Access Collection
999 _c52018
_d52018